书目信息 |
| 题名: |
梦幻故事
|
|
| 作者: | 施尼茨勒 著 ;林娓 译 | |
| 分册: | ||
| 出版信息: | 北京 新星出版社 2010.01 |
|
| 页数: | 148页 | |
| 开本: | 19cm | |
| 丛书名: | ||
| 单 册: | ||
| 中图分类: | I521.45 | |
| 科图分类: | ||
| 主题词: | 长篇小说--奥地利--现代 , 长篇小说 | |
| 电子资源: | ||
| ISBN: | 978-7-80225-840-2 | |
| 000 | 00792nam0 2200265 450 | |
| 001 | 1135310874 | |
| 005 | 20111228094928.25 | |
| 010 | @a978-7-80225-840-2@b精装@dCNY22.00 | |
| 090 | @aI521.45@bsnc | |
| 096 | @aI521.45@bsnc | |
| 100 | @a20100305d2010 em y0chiy50 ea | |
| 101 | 1 | @achi@beng@cger |
| 102 | @aCN@b110000 | |
| 105 | @aa z 000ay | |
| 200 | 1 | @a梦幻故事@b专著@dDream story@g林娓译@zeng@9meng huan gu shi |
| 210 | @a北京@c新星出版社@d2010.01 | |
| 215 | @a148页@c照片@d19cm | |
| 510 | 1 | @aDream story@zeng |
| 606 | 0 | @a长篇小说@y奥地利@z现代 |
| 606 | 0 | @a长篇小说 |
| 690 | @aI521.45@v4 | |
| 701 | 0 | @c(奥)@a施尼茨勒@c(Schnitzler, Arthur@f1862~1931)@4著@9shi ni ci le |
| 702 | 0 | @a林娓@4译@9lin wei |
| 801 | 0 | @aCN@b110019@c20100210 |
| 905 | @aZUCC@dI521.45@eS4951 | |
| 梦幻故事=Dream story/林娓译.-北京:新星出版社,2010.01 |
| 148页:照片;19cm |
| ISBN 978-7-80225-840-2(精装):CNY22.00 |
| ● |
| 相关链接 |
|
|
|
正题名:梦幻故事
索取号:I521.45/S4951
 
预约/预借
| 序号 | 登录号 | 条形码 | 馆藏地/架位号 | 状态 | 备注 |
| 1 | 467080 | 204670800 | 文学库116/116文学库 18排2列5层/ [索取号:I521.45/S4951] | 在馆 |